01169 2200229 4500001002100000005001500021035002000036007000300056008004100059020001800100082001000118084001600128100001800144245004500162250000900207260003000216300002400246650001000270650001900280520061500299990002500914INLIS00000000001109320251006024311 a0010-1025000001ta251006 g 0 ind  a9786230107498 a340.1 a340.1 ZAI m0 aZainal Asikin1 aMengenal Filsafat Hukum /cZainal Asikin aed.1 aYogyakarta :bAndi,c2020 aviii, 232p ;c23 cm 4ahukum 4afilsafat hukum aBuku Mengenal Filsafat Hukum ini, merupakan buku jilid pertama yang penulis susun untuk memenuhi kebutuhan mahasiswa. Untuk itulah pada Bab Pertama buku ini dihantarkan kepada Penulis untuk memahami perbedaan antara Teori Hukum, Filsafat Hukum, dan Jurisprudence. Setelah itu barulah Penulis memperkenalkan metode mempelajari hukum secara ontologism, epistologis, dan axiologis. Buku ini tentunya adalah buku yang diperuntukkan bagi para mahasiswa yang ingin mengenal filsafat hukum dengan cara sederhana, oleh sebab itu bahasa yang dipergunakan  disesuaikan dengan tuntutan pembelajaran studi filsafat hukum. a27504/MKRI-P/IX-2025